00453nam a2200133Ia 4500008004100000245005000041260002800091260000900119650001800128650001500146856006600161999001900227952007300246170221s9999 xx 000 0 und d aMedia and Communication: Why Another Journal? bMedia and Communication c2016 xCommunication xMedia Arts uhttp://www.librelloph.com/mediaandcommunication/issue/current c309152d309152 001040aCLbCLd2017-02-21l0r2017-02-21 00:00:00w2017-02-21yFOJ